Processing of polymer nanocomposites /

Covers the fundamental unit operations involved in processing of thermoplastic and thermoset nanocomposites. The processing methods include extrusion, injection molding, blow molding, and thermoforming. Also covered are nanoparticle dispersion, distribution, and compatibilization, and applications o...

Full description

Bibliographic Details
Corporate Author: ScienceDirect (Online service)
Other Authors: Kenig, Shmuel (Editor)
Format: eBook
Language:English
Published: Cincinnati : Munich Hanser Publications, [2019]
Subjects:
Online Access:Connect to the full text of this electronic book

MARC

Tag First Indicator Second Indicator Subfields
LEADER 00000cam a22000008i 4500
001 in00005764621
005 20260327162704.7
006 m o d
007 cr |||||||||||
008 190411s2019 ohu ob 001 0 eng
010 |a  2019017690 
040 |a DLC  |b eng  |e rda  |e pn  |c DLC  |d GZM  |d OCLCF  |d OCLCO  |d KNOVL  |d N$T  |d EBLCP  |d OCLCQ  |d TEF  |d S2H  |d UKAHL  |d OCLCO  |d OCLCQ  |d OCLCO  |d OCLCL  |d SFB  |d OCLCQ  |d SXB  |d OCLCQ  |d CLOUD  |d OCLCQ  |d OCLCL  |d UX1  |d VT2  |d OCLCQ 
019 |a 1151921254 
020 |a 156990636X 
020 |a 9781523124800  |q (electronic bk.) 
020 |a 1523124806  |q (electronic bk.) 
020 |a 9781569906361  |q (electronic bk.) 
020 |z 9781569906354  |q (hardcover) 
020 |a 1569906351 
020 |a 9781569906354 
035 |a (OCoLC)1097461380  |z (OCoLC)1151921254 
042 |a pcc 
050 1 0 |a TP1150 
082 0 0 |a 668.4  |2 23 
049 |a TXAM 
245 0 0 |a Processing of polymer nanocomposites /  |c Samuel Kenig (ed.). 
263 |a 1904 
264 1 |a Cincinnati :  |b Munich Hanser Publications,  |c [2019] 
300 |a 1 online resource 
336 |a text  |b txt  |2 rdacontent 
337 |a computer  |b c  |2 rdamedia 
338 |a online resource  |b cr  |2 rdacarrier 
504 |a Includes bibliographical references and index. 
588 0 |a Print version record and CIP data provided by publisher; resource not viewed. 
505 0 |a Intro -- Contents -- List of Contributors -- Preface -- 1 The Effect of Processing Conditions on the Dispersion and Microstructure of Organoclay... -- Bruno Vergnes -- 1.1 Introduction -- 1.2 Experimental Techniques -- 1.2.1 Materials -- 1.2.2 Processing -- 1.2.3 Characterization -- 1.3 Influence of the Processing Conditions (Internal Mixer) -- 1.3.1 Influence of the Rotor Speed -- 1.3.2 Influence of the Mixing Time and the Temperature -- 1.3.3 Conclusions -- 1.4 Application to Twin-Screw Extrusion -- 1.4.1 Influence of the Processing Conditions on the Final Microstructure 
505 8 |a 1.4.1.1 Influence of the Screw Speed -- 1.4.1.2 Influence of the Feed Rate -- 1.4.1.3 Influence of the Barrel Temperature -- 1.4.1.4 Conclusions -- 1.4.2 Changes in the Microstructure along the Screws -- 1.4.3 Influence of the Screw Profile -- 1.4.4 How to Improve Dispersion and Exfoliation -- 1.5 Toward Process Optimization through Modeling and Prediction of Microstructures -- 1.6 Conclusions -- 2 Ultrasound-assisted Processing of Nanocomposites -- Avraam I. Isayev, Setareh Niknezhad, Jaesun Choi, and Jing Zhong -- 2.1 Introduction -- 2.2 General Description of High-power Ultrasound 
505 8 |a 2.3 Overview of High-power Ultrasonic Irradiation of Media -- 2.3.1 Ultrasonic Cavitation in Liquid -- 2.3.2 Overview of Ultrasonically-aided Processing of Polymer Nanocomposites -- 2.3.3 Proposed Mechanism of Ultrasonic Irradiation of Polymer Nanocomposites -- 2.4 Development of Ultrasonically-aided Processing Technology -- 2.5 Effect of Ultrasound on Polymer Nanocomposites -- 2.5.1 Nanocomposites Filled with Inorganic Filler Particles -- 2.5.2 Nanocomposites Filled with Carbonaceous Fillers -- 2.5.3 Mechanism of Ultrasonic Treatment in Polymer Nanocomposites -- 2.6 Concluding Remarks 
505 8 |a 3 Monitoring Dispersion and Re-agglomeration Phenomena During the Manufacture of Polymer ... -- José A. Covas and Maria C. Paiva -- 3.1 Introduction -- 3.2 Organoclays -- 3.2.1 Dispersion of Layered Clays -- 3.2.2 Monitoring the Development of Dispersion -- 3.3 Carbon Nanotubes -- 3.3.1 Dispersion of Carbon Nanotubes -- 3.3.2 Monitoring the Development of Dispersion -- 3.4 Graphene Derivatives -- 3.4.1 Dispersion Mechanism -- 3.4.2 Monitoring the Development of Dispersion -- 3.5 Conclusions -- 4 The Effect of Dispersion and Particle-Matrix Interactions on the Fatigue Behavior of Novel ... 
505 8 |a Martin H. Kothmann, Agustin Rios de Anda, Andreas Köppel, Rico Zeiler, Georg Tauer, Zhong Zhang, and Volker Altstädt -- 4.1 Introduction -- 4.2 Materials and Processes -- 4.2.1 Materials -- 4.2.2 HNTs' Surface Modification -- 4.2.3 Preparation of Epoxy/HNT Nanocomposites -- 4.3 Characterization Methods -- 4.3.1 Thermal and Static Mechanical Analyses -- 4.3.2 Fatigue Crack Propagation Investigation -- 4.3.2.1 Analytical Approach -- 4.3.2.2 Experimental Procedure -- 4.4 Results and Discussion -- 4.4.1 Multiscale Material Characterization -- 4.4.1.1 Particle Morphology and Particle Size Distribution 
520 |a Covers the fundamental unit operations involved in processing of thermoplastic and thermoset nanocomposites. The processing methods include extrusion, injection molding, blow molding, and thermoforming. Also covered are nanoparticle dispersion, distribution, and compatibilization, and applications of polymer nanocomposites. 
650 0 |a Plastics  |x Molding. 
650 0 |a Nanocomposites (Materials) 
650 2 |a Nanocomposites 
650 6 |a Matériaux nanocomposites. 
650 7 |a Chemical & Biochemical.  |2 bisacsh 
650 7 |a TECHNOLOGY & ENGINEERING.  |2 bisacsh 
650 7 |a Nanocomposites (Materials)  |2 fast 
650 7 |a Plastics  |x Molding  |2 fast 
655 7 |a Electronic books.  |2 local 
700 1 |a Kenig, Shmuel,  |e editor. 
710 2 |a ScienceDirect (Online service) 
758 |i has work:  |a Processing of polymer nanocomposites (Text)  |1 https://id.oclc.org/worldcat/entity/E39PCG9g7tqrhKtVM3mjtpQHyb  |4 https://id.oclc.org/worldcat/ontology/hasWork 
776 0 8 |i Print version:  |t Processing of polymer nanocomposites.  |d Cincinnati : Munich Hanser Publications, [2019]  |z 9781569906354  |w (DLC) 2019015953 
856 4 0 |u http://proxy.library.tamu.edu/login?url=https://www.sciencedirect.com/science/book/9781569906354  |z Connect to the full text of this electronic book  |t 0 
955 |a Elsevier ScienceDirect 2026-2027 
955 |a Knovel ebooks 
994 |a 92  |b TXA 
999 f f |i 22010673-0605-4806-8a8f-c73afc95db1a  |s fb10ec70-745e-41f1-87c2-21fe7acd007d  |t 0 
952 f f |a Texas A&M University  |b College Station  |c Electronic Resources  |s www_evans  |d Available Online  |t 0  |e TP1150   |h Library of Congress classification 
998 f f |a TP1150   |t 0  |l Available Online